000 00826nam a2200241Ia 4500
003 OSt
005 20220923224029.0
006 a|||||r|||| 00| 0
007 ta
008 220922b |||||||| |||| 00| 0 hin d
024 _a224,228
037 _cTextual
040 _aARTS
_cARTS
_bhin
041 _2hin
_ahin
082 _aO152,3:g(Q7), P3
100 _aखान, मुहम्मद फ़ीरोज़
_9160841
245 0 _aमुस्लिम मानस और हिन्दी उपन्यास
246 _aMuslim mānas aur hindī upanyāsa
260 _aदिल्ली
_b अनंग प्रकाशन
_c2003
300 _a288पृ.
_ccm.
942 _hO152,3:g(Q7), P3
_cTEXL
_2CC
999 _c368755
_d368755